<?xml version="1.0" encoding="UTF-8"?>
<record
    xmlns:xsi="http://www.w3.org/2001/XMLSchema-instance"
    xsi:schemaLocation="http://www.loc.gov/MARC21/slim http://www.loc.gov/standards/marcxml/schema/MARC21slim.xsd"
    xmlns="http://www.loc.gov/MARC21/slim">

  <leader>01808cam a2200445 i 4500</leader>
  <controlfield tag="001">0007411923</controlfield>
  <controlfield tag="003">OSt</controlfield>
  <controlfield tag="005">20260630191906.0</controlfield>
  <controlfield tag="008">250130s2025    quca   j      000 1 fre  </controlfield>
  <datafield tag="020" ind1=" " ind2=" ">
    <subfield code="a">9782897747244</subfield>
  </datafield>
  <datafield tag="040" ind1=" " ind2=" ">
    <subfield code="a">QMBN</subfield>
    <subfield code="b">fre</subfield>
    <subfield code="e">rda</subfield>
    <subfield code="c">QMBN</subfield>
    <subfield code="d">QMBND</subfield>
  </datafield>
  <datafield tag="041" ind1="1" ind2=" ">
    <subfield code="a">fre</subfield>
    <subfield code="h">eng</subfield>
  </datafield>
  <datafield tag="082" ind1="0" ind2="4">
    <subfield code="a">ALB MAC</subfield>
    <subfield code="b">M161a</subfield>
    <subfield code="2">23/fre/202509</subfield>
  </datafield>
  <datafield tag="084" ind1=" " ind2=" ">
    <subfield code="a">828/.92</subfield>
    <subfield code="b">M161a</subfield>
    <subfield code="2">z</subfield>
  </datafield>
  <datafield tag="091" ind1="0" ind2=" ">
    <subfield code="a">MCL</subfield>
  </datafield>
  <datafield tag="100" ind1="1" ind2=" ">
    <subfield code="a">McLaughlin, Eoin</subfield>
    <subfield code="e">auteur</subfield>
  </datafield>
  <datafield tag="240" ind1="1" ind2="0">
    <subfield code="a">Once I was a tree.</subfield>
    <subfield code="l">Fran&#xE7;ais</subfield>
  </datafield>
  <datafield tag="245" ind1="1" ind2="0">
    <subfield code="a">Avant, j'&#xE9;tais un arbre /</subfield>
    <subfield code="c">&#xE9;crit par un livre (avec l'aide d'Eoin McLaughlin) ; illustr&#xE9; par Guilherme Karsten ; traduction : Carole Tremblay</subfield>
  </datafield>
  <datafield tag="264" ind1=" " ind2="1">
    <subfield code="a">Montr&#xE9;al (Qu&#xE9;bec) :</subfield>
    <subfield code="b">la Courte &#xE9;chelle,</subfield>
    <subfield code="c">[2025]</subfield>
  </datafield>
  <datafield tag="300" ind1=" " ind2=" ">
    <subfield code="a">1 volume (non pagin&#xE9;)</subfield>
    <subfield code="b">illustrations en couleur ;</subfield>
    <subfield code="c">30 cm</subfield>
  </datafield>
  <datafield tag="336" ind1=" " ind2=" ">
    <subfield code="a">texte</subfield>
    <subfield code="b">txt</subfield>
    <subfield code="2">rdacontent</subfield>
  </datafield>
  <datafield tag="336" ind1=" " ind2=" ">
    <subfield code="a">image fixe</subfield>
    <subfield code="b">sti</subfield>
    <subfield code="2">rdacontent</subfield>
  </datafield>
  <datafield tag="337" ind1=" " ind2=" ">
    <subfield code="a">sans m&#x10F;iation</subfield>
    <subfield code="b">n</subfield>
    <subfield code="2">rdamedia</subfield>
  </datafield>
  <datafield tag="338" ind1=" " ind2=" ">
    <subfield code="a">volume</subfield>
    <subfield code="b">nc</subfield>
    <subfield code="2">rdacarrier</subfield>
  </datafield>
  <datafield tag="521" ind1=" " ind2=" ">
    <subfield code="a">Pour enfants de 4 ans et plus</subfield>
  </datafield>
  <datafield tag="650" ind1=" " ind2="7">
    <subfield code="a">Arbres</subfield>
    <subfield code="v">Fiction</subfield>
    <subfield code="2">vmj</subfield>
  </datafield>
  <datafield tag="650" ind1=" " ind2="7">
    <subfield code="a">Cycles biologiques</subfield>
    <subfield code="v">Fiction</subfield>
    <subfield code="2">vmj</subfield>
  </datafield>
  <datafield tag="650" ind1=" " ind2="7">
    <subfield code="a">Croissance (Plantes)</subfield>
    <subfield code="v">Fiction</subfield>
    <subfield code="2">vmj</subfield>
  </datafield>
  <datafield tag="650" ind1=" " ind2="7">
    <subfield code="a">M&#x165;amorphose</subfield>
    <subfield code="v">Fiction</subfield>
    <subfield code="2">vmj</subfield>
  </datafield>
  <datafield tag="650" ind1=" " ind2="7">
    <subfield code="a">Livres</subfield>
    <subfield code="v">Fiction</subfield>
    <subfield code="2">vmj</subfield>
  </datafield>
  <datafield tag="650" ind1=" " ind2="7">
    <subfield code="a">Art de conter</subfield>
    <subfield code="v">Fiction</subfield>
    <subfield code="2">vmj</subfield>
  </datafield>
  <datafield tag="655" ind1=" " ind2="7">
    <subfield code="a">Documents pour la jeunesse</subfield>
    <subfield code="2">rvmgf</subfield>
  </datafield>
  <datafield tag="655" ind1=" " ind2="7">
    <subfield code="a">Livres d'images</subfield>
    <subfield code="2">rvmgf</subfield>
  </datafield>
  <datafield tag="700" ind1="1" ind2=" ">
    <subfield code="a">Karsten, Guilherme</subfield>
    <subfield code="e">illustrateur</subfield>
  </datafield>
  <datafield tag="700" ind1="1" ind2=" ">
    <subfield code="a">Tremblay, Carole,</subfield>
    <subfield code="d">1959-</subfield>
    <subfield code="e">traducteur</subfield>
  </datafield>
  <datafield tag="700" ind1="1" ind2=" ">
    <subfield code="i">Traduction de :</subfield>
    <subfield code="a">McLaughlin, Eoin</subfield>
    <subfield code="t">Once I was a tree</subfield>
  </datafield>
  <datafield tag="942" ind1=" " ind2=" ">
    <subfield code="2">ddc</subfield>
    <subfield code="c">ALBUM</subfield>
  </datafield>
  <datafield tag="999" ind1=" " ind2=" ">
    <subfield code="c">18922</subfield>
    <subfield code="d">18922</subfield>
  </datafield>
  <datafield tag="952" ind1=" " ind2=" ">
    <subfield code="0">0</subfield>
    <subfield code="1">0</subfield>
    <subfield code="2">ddc</subfield>
    <subfield code="4">0</subfield>
    <subfield code="7">0</subfield>
    <subfield code="a">HENRYVILLE</subfield>
    <subfield code="b">HENRYVILLE</subfield>
    <subfield code="d">2026-06-30</subfield>
    <subfield code="l">0</subfield>
    <subfield code="o">ALB MAC</subfield>
    <subfield code="p">30001030039459</subfield>
    <subfield code="r">2026-06-30 19:19:31</subfield>
    <subfield code="w">2026-06-30</subfield>
    <subfield code="y">ALBUM</subfield>
  </datafield>
</record>
